[Event "Ch BLR U20g"]
[Site "?"]
[Date "2012.04.14"]
[Round "9.3"]
[White "Stetsko, Lanita"]
[Black "Kusenkova, Natallia"]
[Result "1/2-1/2"]
[WhiteElo "2128"]
[BlackElo "2003"]
[PlyCount "57"]
[EventDate "2012.04.07"]
[SourceDate "2012.04.07"]

1. e4 c5 2. Nf3 d6 3. d4 cxd4 4. Nxd4 Nf6 5. Nc3 Nc6 6. Bg5 Bd7 7. Qd2 Rc8 8.
Nxc6 Bxc6 9. f3 Nd7 10. O-O-O Qa5 11. Kb1 h5 12. h4 a6 13. Nd5 Qxd2 14. Rxd2
Ne5 15. Be2 b5 16. b3 e6 17. Ne3 Be7 18. Rhd1 Rd8 19. Bxe7 Kxe7 20. g3 f6 21.
f4 Nf7 22. Bd3 g6 23. c4 f5 24. exf5 gxf5 25. Nc2 bxc4 26. Bxc4 Bb7 27. Nd4 d5
28. Bd3 Nd6 29. Re1 1/2-1/2

[Event "Ch BLR U20g"]
[Site "?"]
[Date "2012.04.15"]
[Round "10.2"]
[White "Kusenkova, Natallia"]
[Black "Beinenson, Katsiaryna"]
[Result "1-0"]
[WhiteElo "2003"]
[BlackElo "1912"]
[PlyCount "97"]
[EventDate "2012.04.07"]
[SourceDate "2012.04.07"]

1. e4 c5 2. Nf3 Nc6 3. d4 cxd4 4. Nxd4 Qb6 5. Nb3 Nf6 6. Nc3 e6 7. Qe2 Bb4 8.
Bd2 O-O 9. a3 Be7 10. O-O-O Qc7 11. g4 a6 12. g5 Ne8 13. f4 b5 14. f5 Ne5 15.
Rg1 f6 16. g6 h6 17. Qh5 d6 18. Rg3 Nc4 19. Bxh6 gxh6 20. Qxh6 Bd8 21. g7 Nxg7
22. Bxc4 bxc4 23. Rdg1 Ra7 24. Rh3 cxb3 25. Qh7+ Kf7 26. Rxg7+ Ke8 27. Qg6+ Qf7
28. Rxf7 Raxf7 29. Rh7 bxc2 30. h4 Ke7 31. h5 Rxh7 32. Qxh7+ Rf7 33. Qg6 Bb6
34. Kxc2 Be3 35. fxe6 Bxe6 36. h6 f5 37. h7 Bd4 38. Kd3 Bh8 39. Qg5+ Bf6 40.
Qh5 Bh8 41. Nd5+ Kd7 42. Nf4 fxe4+ 43. Ke3 Rf5 44. Qg6 Re5 45. Qh6 d5 46. Ng6
d4+ 47. Kd2 e3+ 48. Ke1 Rf5 49. Nf8+ 1-0

[Event "Ch BLR U20g"]
[Site "?"]
[Date "2012.04.15"]
[Round "10.3"]
[White "Revo, Tatiana"]
[Black "Nevioselaya, Maria"]
[Result "*"]
[WhiteElo "2136"]
[BlackElo "1992"]
[PlyCount "90"]
[EventDate "2012.04.07"]
[SourceDate "2012.04.07"]

1. e4 c6 2. d4 d5 3. Nc3 dxe4 4. Nxe4 Bf5 5. Ng3 Bg6 6. h4 h6 7. Nf3 Nd7 8. h5
Bh7 9. Bd3 Bxd3 10. Qxd3 e6 11. Bd2 Ngf6 12. O-O-O Be7 13. Ne4 Nxe4 14. Qxe4
Nf6 15. Qd3 Qc7 16. c4 O-O-O 17. g3 c5 18. Qa3 Kb8 19. Bf4 Bd6 20. Bxd6 Rxd6
21. Qxc5 Rc6 22. Qe5 Rxc4+ 23. Kb1 Rd8 24. Qxc7+ Rxc7 25. Ne5 Ne4 26. Rh4 f5
27. Rf4 Rdc8 28. a3 Nf6 29. Rh4 Rc2 30. Nd3 Ng4 31. f3 Ne3 32. Rc1 Rxc1+ 33.
Nxc1 Nf1 34. Nd3 Nd2+ 35. Ka2 Nxf3 36. Rf4 Ng5 37. Kb3 Kc7 38. d5 Kd6 39. dxe6
Kxe6 40. Ra4 a6 41. Rb4 b5 42. a4 Nf3 43. axb5 axb5 44. Nf4+ Kf6 45. Ne2 Nd2+ *